Historie critique de l'inquisition d'Espagne

Gorde:
Xehetasun bibliografikoak
Egile nagusia: Llorente, Juan Antonio (autor)
Formatua: Liburua
Hizkuntza:frantsesa
Argitaratua: París, Francia Treuttel et Würtz 1818
Edizioa:Deuxieme edition
Gaiak:
Etiketak: Etiketa erantsi
Etiketarik gabe, Izan zaitez lehena erregistro honi etiketa jartzen!

MARC

LEADER 00000nam a2200000 a 4500
001 UCP4639
003 CL-VaPUC
005 20220914074217.0
008 990806e18180000FR |||||||||||||||||fre|d
999 |c 282546  |d 282544 
040 |c Pontificia Universidad Católica de Valparaíso 
082 0 4 |a 272.2 LLO 1818  |2 21 
100 |a Llorente, Juan Antonio  |e autor  |9 432240 
245 1 0 |a Historie critique de l'inquisition d'Espagne 
250 |a Deuxieme edition 
260 |a París, Francia  |b Treuttel et Würtz  |c 1818 
300 |a volúmenes 
583 |a last modification  |c 19990806 00:00:00  |k Rodrigo Vera 
650 0 |a Inquisición (Iglesia Católica)  |z ESPAÑA  |9 258578 
650 7 |a PERSECUCIONES RELIGIOSAS  |2 CL-VaPUC  |9 432241  |z ESPAÑA 
650 7 |a HISTORIA ECLESIASTICA  |2 CL-VaPUC  |9 432242  |z ESPAÑA 
650 7 |a HISTORIA DE ESPAÑA  |2 CL-VaPUC  |9 321819 
852 |a BIBCUR 
942 |c BK  |2 ddc 
945 |d 19990806 00:00:00  |a crobeson 
952 |0 0  |1 0  |2 ddc  |4 0  |6 272_200000000000000_LLO_1818  |7 0  |8 X  |9 324391  |a BIBHIS  |b BIBHIS  |d 2019-11-20  |h v.3  |i 135521K  |o 272.2 LLO 1818  |p 135521K  |r 2024-01-30  |t 1  |w 2019-11-20  |y BK_X  |k HIS 
952 |0 0  |1 0  |2 ddc  |4 0  |6 272_200000000000000_LLO_1818  |7 0  |8 X  |9 324392  |a BIBHIS  |b BIBHIS  |d 2019-11-20  |h v.1  |i 1355228  |o 272.2 LLO 1818  |p 1355228  |r 2024-01-30  |t 1  |w 2019-11-20  |y BK_X  |k HIS